000 00707nas a2200205 a 4500
001 000037120
003 DO-SdBNP
005 20240409073645.0
007 ta
008 120216c20189999dr mr1pdd 0 0spa d
040 _aDO-SdBNP
_bspa
_cBNPHU
082 _axxx
_bR426m
110 _aRepública Dominicana.
_bCámara de Diputados
_932238
245 0 0 _aMujeres meritorias 2018 :
_breconocidas por la Cámara de Diputados de la República Dominicana, en ocasión de la celebración del 8 de marzo Día Internacional de la Mujer 2018
260 _aSanto Domingo :
_bCámara de Diputados,
_c2018.
300 _a52 p. :
_c27 cm.
_bil. ;
590 _aInventariado, 2022 / DG
910 _aDG
942 _2ddc
_cLBS1
999 _c51649
_d51649